000 00501nam a2200157 4500
999 _c4053
_d4053
008 200713b ||||| |||| 00| 0 eng d
020 _a0070990573
082 0 0 _a629.83
_bD6141
100 _92041
_aDistefano, Joseph J.
245 1 0 _aSchaum's outline of theory and problems of feedback and control systems /
_cby Joseph J. Distefanon and Allen R. Stubberud
250 _a1st ed.
260 _aNew York
_bMcGraw Hill
_c1987
300 _a371 p.
650 0 _aFeedback control systems
942 _2ddc
_cBK